[Event "Reykjavik op"]
[Site "Reykjavik"]
[Date "2017.04.26"]
[Round "9"]
[White "Dougherty, Michael J"]
[Black "Piasetski, Leon"]
[Result "1/2-1/2"]
[WhiteElo "2171"]
[BlackElo "2300"]
[PlyCount "118"]
[GameId "1113931337523200"]
[EventDate "2017.04.19"]
[EventType "swiss"]
[EventRounds "10"]
[EventCountry "ISL"]
[SourceTitle "CBM 178 Extra"]
[Source "ChessBase"]
[SourceDate "2017.06.22"]
[SourceVersion "1"]
[SourceVersionDate "2017.06.22"]
[SourceQuality "1"]

1. e4 c5 2. f4 a6 3. Nc3 b5 4. Nf3 Bb7 5. d3 e6 6. Qe2 Be7 7. Be3 Nf6 8. e5 Nd5 9. Nxd5 Bxd5 10. g3 O-O 11. Bg2 d6 12. O-O Nd7 13. exd6 Bxd6 14. c3 Qc7 15. Nd2 Bxg2 16. Kxg2 f5 17. a4 Qc6+ 18. Qf3 Qxf3+ 19. Nxf3 Nb6 20. axb5 axb5 21. Ng5 Nd5 22. Bg1 Nc7 23. c4 h6 24. Nf3 bxc4 25. dxc4 Rfb8 26. Rxa8 Nxa8 27. Rb1 Nb6 28. Nd2 Ra8 29. Be3 Ra2 30. Kf3 Nd7 31. Ke2 Kf7 32. Kd3 e5 33. fxe5 Nxe5+ 34. Kc3 Nc6 35. Nf3 Be7 36. Kb3 Ra8 37. Kc2 Nb4+ 38. Kd2 Ke6 39. Bf4 Rd8+ 40. Ke2 g5 41. Bd2 Nc6 42. Bc3 Bf6 43. Bxf6 Kxf6 44. Rd1 g4 45. Ne1 Rxd1 46. Kxd1 Ke5 47. Kd2 Kd4 48. Nc2+ Kxc4 49. Ne3+ Kb3 50. Nxf5 Kxb2 51. Kd3 Kb3 52. Nd6 Ne5+ 53. Ke4 Nf3 54. h4 c4 55. Nxc4 Kxc4 56. Kf5 h5 57. Kg6 Nxh4+ 58. Kxh5 Nf5 59. Kxg4 Nxg3 1/2-1/2

[Event "Douglas IoM op"]
[Site "Douglas"]
[Date "2017.09.27"]
[Round "5"]
[White "Maroroa, Sue Yuchan"]
[Black "Piasetski, Leon"]
[Result "1-0"]
[WhiteElo "2083"]
[BlackElo "2286"]
[PlyCount "80"]
[GameId "1169589369692160"]
[EventDate "2017.09.23"]
[EventType "swiss"]
[EventRounds "9"]
[EventCountry "IOM"]
[SourceTitle "CBM 181"]
[Source "ChessBase"]
[SourceDate "2017.11.10"]
[SourceVersion "1"]
[SourceVersionDate "2017.11.10"]
[SourceQuality "1"]

1. e4 g6 2. d4 Bg7 3. Nc3 d6 4. Be3 c6 5. Qd2 b5 6. h4 h5 7. Nf3 Nd7 8. Ng5 Nb6 9. Bd3 Nf6 10. e5 Ng4 11. e6 Bxe6 12. Nxe6 fxe6 13. Bxg6+ Kd7 14. Ne4 Nc4 15. Qe2 Ngxe3 16. fxe3 Bh6 17. O-O-O Nxe3 18. Ng5 Bxg5 19. hxg5 Nxd1 20. Bf7 Qf8 21. Qxe6+ Kc7 22. Rxd1 Rd8 23. a4 b4 24. Re1 Qg7 25. g6 Qxd4 26. Qxe7+ Kb6 27. Qe3 Qxe3+ 28. Rxe3 Rhg8 29. Re7 Rg7 30. Kd2 d5 31. Re6 Kc5 32. Ke3 Rd6 33. Rxd6 Kxd6 34. Kf4 b3 35. cxb3 d4 36. Ke4 c5 37. b4 cxb4 38. Kxd4 a5 39. b3 h4 40. Ke4 Ke7 1-0

[Event "Pan American-ch Seniors 50"]
[Site "St Croix"]
[Date "2018.12.08"]
[Round "1"]
[White "Cohen, Lawrence S"]
[Black "Piasetski, Leon"]
[Result "0-1"]
[WhiteElo "1821"]
[BlackElo "2242"]
[PlyCount "68"]
[GameId "1330186719248384"]
[EventDate "2018.12.08"]
[EventType "swiss"]
[EventRounds "9"]
[EventCountry "ISV"]
[SourceTitle "CBM 188 Extra"]
[Source "ChessBase"]
[SourceDate "2019.02.28"]
[SourceVersion "1"]
[SourceVersionDate "2019.02.28"]
[SourceQuality "1"]

1. c4 e5 2. g3 Nc6 3. Bg2 d6 4. e3 Be6 5. b3 d5 6. cxd5 Bxd5 7. e4 Be6 8. Nf3 f6 9. O-O Bc5 10. Ba3 Bxa3 11. Nxa3 Qd7 12. Qc1 Nge7 13. Nc2 Bg4 14. Ne3 Bxf3 15. Bxf3 Nd4 16. Bh5+ g6 17. Bd1 Qc6 18. Qxc6+ Ndxc6 19. f4 O-O-O 20. Rf2 Rd4 21. Ng4 exf4 22. Nxf6 fxg3 23. hxg3 Ne5 24. g4 h6 25. Rh2 g5 26. Rc1 Rf8 27. Rxh6 Rxd2 28. Rh7 Nd3 29. Rb1 Rxf6 30. Rxe7 Kd8 31. Rg7 Nf2 32. e5 Nh3+ 33. Kh1 Rff2 34. e6 Rh2# 0-1

[Event "Pan American-ch Seniors 50"]
[Site "St Croix"]
[Date "2018.12.11"]
[Round "6"]
[White "Piasetski, Leon"]
[Black "O'Neill, Julie Anne"]
[Result "1-0"]
[WhiteElo "2242"]
[BlackElo "1692"]
[PlyCount "57"]
[GameId "1330186719387648"]
[EventDate "2018.12.08"]
[EventType "swiss"]
[EventRounds "9"]
[EventCountry "ISV"]
[SourceTitle "CBM 188 Extra"]
[Source "ChessBase"]
[SourceDate "2019.02.28"]
[SourceVersion "1"]
[SourceVersionDate "2019.02.28"]
[SourceQuality "1"]

1. Nf3 Nf6 2. c4 c5 3. Nc3 g6 4. e4 d6 5. d4 cxd4 6. Nxd4 Nc6 7. Be2 Bg7 8. Be3 O-O 9. O-O Bd7 10. Qd2 Ng4 11. Bxg4 Bxg4 12. Nxc6 bxc6 13. Bh6 Rb8 14. Bxg7 Kxg7 15. b3 Qb6 16. Rae1 Rfd8 17. Kh1 e5 18. Re3 f5 19. f3 f4 20. Rd3 Bd7 21. Rxd6 Rb7 22. Rd1 Qe3 23. Qxe3 fxe3 24. Kg1 Kf7 25. Kf1 Ke7 26. Na4 a5 27. Nc5 Rc7 28. Ke2 Ra7 29. Kxe3 1-0

[Event "Pan American-ch Seniors 50"]
[Site "St Croix"]
[Date "2018.12.12"]
[Round "8"]
[White "Thau, Peter L"]
[Black "Piasetski, Leon"]
[Result "1/2-1/2"]
[WhiteElo "1607"]
[BlackElo "2242"]
[PlyCount "91"]
[GameId "1330186719453184"]
[EventDate "2018.12.08"]
[EventType "swiss"]
[EventRounds "9"]
[EventCountry "ISV"]
[SourceTitle "CBM 188 Extra"]
[Source "ChessBase"]
[SourceDate "2019.02.28"]
[SourceVersion "1"]
[SourceVersionDate "2019.02.28"]
[SourceQuality "1"]

1. Nf3 c5 2. g3 g6 3. Bg2 Bg7 4. d3 Nc6 5. O-O d6 6. c3 e5 7. Qc2 Nge7 8. e4 O-O 9. Ne1 Be6 10. f4 Qd7 11. Be3 b6 12. Nd2 f5 13. Nef3 h6 14. Rad1 exf4 15. Bxf4 d5 16. exf5 Bxf5 17. Ne4 g5 18. Bc1 Bg4 19. Ned2 Qc7 20. Qa4 Bd7 21. Qc2 Bf5 22. Ne1 Rae8 23. Ndf3 Kh8 24. b3 Ng6 25. Bb2 c4 26. Qd2 b5 27. dxc4 dxc4 28. Nd4 Nxd4 29. cxd4 Be4 30. Rxf8+ Nxf8 31. Bxe4 Rxe4 32. d5 c3 33. Qc2 Qe7 34. Bxc3 Bxc3 35. Qxc3+ Kg8 36. Ng2 b4 37. Qc6 Qg7 38. d6 Rd4 39. Re1 Qf6 40. Qa6 Qxd6 41. Qxa7 Rd2 42. Rf1 Nd7 43. Qa8+ Kg7 44. Qf3 Qf6 45. Qe3 Qb6 46. Qxb6 1/2-1/2

[Event "Bay Area op"]
[Site "Burlingame"]
[Date "2019.01.01"]
[Round "1"]
[White "Ruiz Castillo, Joshua Daniel"]
[Black "Piasetski, Leon"]
[Result "1/2-1/2"]
[WhiteElo "2459"]
[BlackElo "2242"]
[PlyCount "93"]
[GameId "1337235137699840"]
[EventDate "2019.01.01"]
[EventType "swiss"]
[EventRounds "9"]
[EventCountry "USA"]
[SourceTitle "CBM 188 Extra"]
[Source "ChessBase"]
[SourceDate "2019.02.28"]
[SourceVersion "1"]
[SourceVersionDate "2019.02.28"]
[SourceQuality "1"]

1. Nf3 Nf6 2. g3 d5 3. Bg2 c6 4. c4 Bg4 5. Ne5 Be6 6. cxd5 Bxd5 7. Nf3 c5 8. Nc3 Bc6 9. O-O e6 10. d3 Be7 11. e4 O-O 12. Qe2 Be8 13. e5 Nd5 14. Nxd5 Qxd5 15. Ng5 Qd7 16. Qe4 Bxg5 17. Bxg5 Nc6 18. Rfc1 f6 19. exf6 Bg6 20. Qa4 gxf6 21. Be3 Rfd8 22. Rxc5 Qxd3 23. h4 e5 24. h5 Bxh5 25. Qh4 Qg6 26. Bd5+ Kg7 27. Be4 Qg4 28. Qxg4+ Bxg4 29. Bxc6 bxc6 30. Rxc6 Rd7 31. Kg2 e4 32. Rac1 Rad8 33. b4 Kg6 34. a4 Rd5 35. R6c5 a6 36. R1c4 Bf3+ 37. Kh3 Rd1 38. Rc1 h5 39. b5 axb5 40. axb5 R8d3 41. b6 Rxc1 42. Rxc1 Rb3 43. Kh2 Kf5 44. Kg1 Kg4 45. Kf1 h4 46. gxh4 f5 47. Ke1 1/2-1/2

[Event "Bay Area op"]
[Site "Burlingame"]
[Date "2019.01.03"]
[Round "4"]
[White "Piasetski, Leon"]
[Black "Polavaram, Rithik S"]
[Result "1-0"]
[WhiteElo "2242"]
[BlackElo "2056"]
[PlyCount "95"]
[GameId "1337235138420736"]
[EventDate "2019.01.01"]
[EventType "swiss"]
[EventRounds "9"]
[EventCountry "USA"]
[SourceTitle "CBM 188 Extra"]
[Source "ChessBase"]
[SourceDate "2019.02.28"]
[SourceVersion "1"]
[SourceVersionDate "2019.02.28"]
[SourceQuality "1"]

1. Nf3 Nf6 2. c4 e6 3. g3 d5 4. Bg2 Be7 5. O-O O-O 6. d4 dxc4 7. Ne5 Nc6 8. Bxc6 bxc6 9. Nxc6 Qe8 10. Nxe7+ Qxe7 11. Qa4 e5 12. dxe5 Qxe5 13. Nc3 Be6 14. Qb5 Qxb5 15. Nxb5 Rfc8 16. Rd1 c6 17. Nd4 Bd7 18. f3 Rab8 19. e4 h6 20. Kf2 Kf8 21. g4 Ke7 22. h4 Ne8 23. Rb1 c5 24. Nf5+ Bxf5 25. exf5 c3 26. b3 c4 27. Ba3+ Kf6 28. Re1 g6 29. Be7+ Kg7 30. b4 gxf5 31. gxf5 Rb5 32. Bc5 Kf6 33. Rbd1 a5 34. Rd5 Rbxc5 35. Rxc5 Rxc5 36. bxc5 Nc7 37. Rc1 Nd5 38. c6 Ke7 39. c7 Kd7 40. Rd1 Kc8 41. Ke2 Nxc7 42. Rd4 Kb7 43. Rxc4 Nd5 44. a3 Kb6 45. Kd3 Kb5 46. Kd4 Ne3 47. a4+ Kb6 48. Kxe3 1-0

[Event "Bay Area op"]
[Site "Burlingame"]
[Date "2019.01.04"]
[Round "5"]
[White "Santarius, Erik F"]
[Black "Piasetski, Leon"]
[Result "1-0"]
[WhiteElo "2393"]
[BlackElo "2242"]
[PlyCount "105"]
[GameId "1337235138560000"]
[EventDate "2019.01.01"]
[EventType "swiss"]
[EventRounds "9"]
[EventCountry "USA"]
[SourceTitle "CBM 188 Extra"]
[Source "ChessBase"]
[SourceDate "2019.02.28"]
[SourceVersion "1"]
[SourceVersionDate "2019.02.28"]
[SourceQuality "1"]

1. e4 c5 2. Nf3 Nc6 3. Bc4 Nf6 4. Qe2 d5 5. exd5 Nxd5 6. Nc3 Nb6 7. Bb5 Bd7 8. a4 a6 9. Bd3 Nd4 10. Nxd4 cxd4 11. Ne4 e6 12. b3 Bc6 13. Ng3 Nd5 14. Be4 Be7 15. Bb2 e5 16. Nf5 O-O 17. Bxd5 Bxd5 18. Nxe7+ Qxe7 19. Ba3 Qg5 20. Bxf8 Qxg2 21. O-O-O Bf3 22. Qxe5 Bxd1 23. Qxg7+ Qxg7 24. Bxg7 Bxc2 25. Kxc2 Kxg7 26. Kd3 Rd8 27. Rg1+ Kf6 28. Rg4 h5 29. Rxd4 Rg8 30. h4 Ke5 31. Rd7 f5 32. Rh7 Kf4 33. Rxh5 Rd8+ 34. Ke2 Re8+ 35. Kd1 Re4 36. Rg5 Rb4 37. Rg3 Rb6 38. h5 Rh6 39. Rh3 Kg4 40. Rh2 Kf3 41. d3 a5 42. Kd2 f4 43. Kc3 Ke2 44. Kd4 f3 45. Ke4 Re6+ 46. Kf5 Rh6 47. Kg5 Rh8 48. d4 Kf1 49. h6 Kg1 50. Rh5 Kxf2 51. h7 Kg2 52. Kg6 f2 53. Rg5+ 1-0

[Event "Bay Area op"]
[Site "Burlingame"]
[Date "2019.01.06"]
[Round "8"]
[White "Piasetski, Leon"]
[Black "MacKenzie, Dana N"]
[Result "1/2-1/2"]
[WhiteElo "2242"]
[BlackElo "2012"]
[PlyCount "51"]
[GameId "1339671264030720"]
[EventDate "2019.01.01"]
[EventType "swiss"]
[EventRounds "9"]
[EventCountry "USA"]
[SourceTitle "CBM 188 Extra"]
[Source "ChessBase"]
[SourceDate "2019.02.28"]
[SourceVersion "1"]
[SourceVersionDate "2019.02.28"]
[SourceQuality "1"]

1. c4 g6 2. d4 Bg7 3. e4 d6 4. Nc3 Nc6 5. Nge2 e5 6. d5 Nce7 7. Ng3 f5 8. exf5 Nxf5 9. Nxf5 Bxf5 10. c5 Nf6 11. Bb5+ Kf7 12. c6 b6 13. Bg5 h6 14. Bh4 g5 15. Bg3 h5 16. f3 h4 17. Bf2 Nh5 18. g4 hxg3 19. hxg3 Nf6 20. Rf1 Rh2 21. Bd3 Bh3 22. Rg1 e4 23. Bxe4 Nxe4 24. Nxe4 Bxb2 25. Rb1 Bf6 26. g4 1/2-1/2

[Event "Bay Area op"]
[Site "Burlingame"]
[Date "2019.01.07"]
[Round "9"]
[White "Johnston, Daniel F"]
[Black "Piasetski, Leon"]
[Result "1/2-1/2"]
[WhiteElo "1979"]
[BlackElo "2242"]
[PlyCount "116"]
[GameId "1339671264174080"]
[EventDate "2019.01.01"]
[EventType "swiss"]
[EventRounds "9"]
[EventCountry "USA"]
[SourceTitle "CBM 188 Extra"]
[Source "ChessBase"]
[SourceDate "2019.02.28"]
[SourceVersion "1"]
[SourceVersionDate "2019.02.28"]
[SourceQuality "1"]

1. Nf3 c5 2. g3 g6 3. Bg2 Bg7 4. O-O Nc6 5. c3 Nf6 6. d4 cxd4 7. cxd4 d5 8. b3 O-O 9. Bb2 Ne4 10. Nc3 Bg4 11. e3 Qd7 12. Ne2 Bh3 13. Nf4 Bxg2 14. Kxg2 Rfc8 15. Nd3 a5 16. Rc1 b6 17. Qe2 Ra7 18. Rc2 Rac7 19. Rfc1 f6 20. h4 e6 21. Nf4 e5 22. Nd3 Qd6 23. a3 h5 24. Nde1 Ne7 25. Rxc7 Rxc7 26. Rxc7 Qxc7 27. Qb5 Nd6 28. Qa6 e4 29. Ng1 Kf7 30. a4 Qb7 31. Qe2 b5 32. axb5 Nxb5 33. Bc1 Nc7 34. Qa2 Nc6 35. Bd2 Qb5 36. Qa4 Qxa4 37. bxa4 Bf8 38. Nc2 Na8 39. Na1 Nb6 40. Nb3 Bb4 41. Bxb4 axb4 42. a5 Nc4 43. Nh3 Ke6 44. Nf4+ Kd6 45. a6 Ne7 46. a7 Nb6 47. Na5 Na8 48. Nb7+ Kc6 49. Nc5 Kb6 50. Kf1 Kxa7 51. Ke2 Nc7 52. Kd2 Ne8 53. Kc2 Kb6 54. Nd7+ Kb5 55. Kb3 f5 56. Ne5 Nf6 57. Nfxg6 Nxg6 58. Nxg6 Ng4 1/2-1/2

[Event "Seville op 45th"]
[Site "Seville"]
[Date "2020.01.12"]
[Round "3"]
[White "Piasetski, Leon"]
[Black "Grigoryan, Karen H"]
[Result "0-1"]
[WhiteElo "2219"]
[BlackElo "2632"]
[PlyCount "125"]
[GameId "1471627182604288"]
[EventDate "2020.01.10"]
[EventType "swiss"]
[EventRounds "9"]
[EventCountry "ESP"]
[SourceTitle "CBM 194 Extra"]
[Source "ChessBase"]
[SourceDate "2020.03.31"]
[SourceVersion "1"]
[SourceVersionDate "2020.03.31"]
[SourceQuality "1"]

1. c4 g6 2. d4 Nf6 3. Nc3 d5 4. Bf4 Bg7 5. e3 O-O 6. Nf3 c5 7. dxc5 Qa5 8. Nd2 dxc4 9. Bxc4 Qxc5 10. Rc1 Nc6 11. O-O Rd8 12. Bb3 Qf5 13. Qe2 Be6 14. Rfd1 Nd4 15. Qf1 Nxb3 16. Nxb3 Nh5 17. Bc7 Rdc8 18. e4 Qg5 19. Nd5 Bxd5 20. Rxd5 Qh6 21. Qd1 Bxb2 22. Rc2 Bg7 23. Na5 Nf6 24. Rdc5 Re8 25. R5c4 b5 26. Rb4 e6 27. Nc6 Bf8 28. Rd4 Qh5 29. Qxh5 Nxh5 30. e5 g5 31. g3 Rec8 32. Bd8 h6 33. h4 gxh4 34. Bxh4 Ng7 35. Rd8 Nf5 36. Bf6 Rxd8 37. Nxd8 Ne7 38. Bxe7 Bxe7 39. Nc6 Bf8 40. Kf1 a5 41. Ke2 Kg7 42. g4 b4 43. Rc4 Ra6 44. Kd3 Rb6 45. Kc2 a4 46. Nd4 Ra6 47. Kb2 Ra5 48. f4 Rd5 49. Kc2 Kg6 50. Nc6 Rc5 51. Kd3 b3 52. axb3 axb3 53. Rxc5 Bxc5 54. Kc3 Be3 55. Ne7+ Kg7 56. f5 Kf8 57. fxe6 Kxe7 58. exf7 Kxf7 59. Kxb3 Ke6 60. Kc4 Kxe5 61. Kd3 Kf4 62. Ke2 Bc5 63. Kf1 0-1

[Event "PNWCC Last Dance-B"]
[Site "Redmond"]
[Date "2022.06.18"]
[Round "1"]
[White "Piasetski, Leon"]
[Black "Sivakumar, Shaaketh"]
[Result "1-0"]
[WhiteElo "2218"]
[BlackElo "2108"]
[PlyCount "135"]
[GameId "1835102770343936"]
[EventDate "2022.06.18"]
[EventType "tourn"]
[EventRounds "9"]
[EventCountry "USA"]
[EventCategory "1"]
[SourceTitle "EXT 2024"]
[Source "ChessBase"]
[SourceDate "2023.10.10"]
[SourceVersion "1"]
[SourceVersionDate "2023.10.10"]
[SourceQuality "1"]

1. c4 b6 2. Nc3 Bb7 3. e4 e6 4. Nf3 Bb4 5. Bd3 Nc6 6. O-O e5 7. a3 Bd6 8. Bc2 h6 9. Nb5 Qf6 10. b4 O-O-O 11. Bb2 a6 12. Nxd6+ Qxd6 13. d4 exd4 14. Nxd4 Nxd4 15. Bxd4 Qg6 16. f3 Ne7 17. Qc1 Nc6 18. Bc3 h5 19. Qb2 h4 20. Rf2 h3 21. g3 Qh5 22. Bxg7 Rhg8 23. Rd1 Rde8 24. Rd5 Qg6 25. Bf6 Qh6 26. f4 Nd8 27. e5 Ne6 28. Bf5 Qh5 29. Be4 Qg4 30. Qd2 Kb8 31. Qe3 d6 32. Qf3 Qxf3 33. Rxf3 dxe5 34. Rxe5 Nd4 35. Bxb7 Kxb7 36. Rd3 Nc6 37. Ree3 Rxe3 38. Rxe3 Rg6 39. Bc3 f5 40. Kf2 Rd6 41. g4 fxg4 42. Kg3 Nd4 43. Bxd4 Rxd4 44. Kxg4 Rxc4 45. Kg5 Rc1 46. f5 Rg1+ 47. Kh6 Rg2 48. Rxh3 Kc6 49. Rd3 Rxh2+ 50. Kg7 Rg2+ 51. Kf7 Rf2 52. f6 Kb5 53. Re3 a5 54. Re5+ Ka4 55. bxa5 bxa5 56. Ke6 Rb2 57. f7 Rb8 58. Kd7 Rf8 59. Ke7 Rh8 60. Re3 c5 61. f8=Q Rxf8 62. Kxf8 Kb5 63. Ke7 Kc4 64. Kd6 Kd4 65. Rh3 c4 66. Kc6 c3 67. Kb5 c2 68. Rh1 1-0

[Event "PNWCC Last Dance-B"]
[Site "Redmond"]
[Date "2022.06.19"]
[Round "2"]
[White "Nagy, Gabor"]
[Black "Piasetski, Leon"]
[Result "1-0"]
[WhiteElo "2494"]
[BlackElo "2218"]
[PlyCount "107"]
[GameId "1835102770184192"]
[EventDate "2022.06.18"]
[EventType "tourn"]
[EventRounds "9"]
[EventCountry "USA"]
[EventCategory "1"]
[SourceTitle "EXT 2024"]
[Source "ChessBase"]
[SourceDate "2023.10.10"]
[SourceVersion "1"]
[SourceVersionDate "2023.10.10"]
[SourceQuality "1"]

1. c4 g6 2. Nc3 Bg7 3. Nf3 c5 4. g3 Nc6 5. Bg2 d6 6. O-O Bf5 7. b3 Bxc3 8. dxc3 Qd7 9. Re1 Nf6 10. Nh4 Bh3 11. Bh1 h6 12. b4 g5 13. Nf3 Rc8 14. bxc5 dxc5 15. Qc2 Ng4 16. Ba3 b6 17. Nd2 Kf8 18. Rad1 Qe6 19. Bd5 Qf6 20. Ne4 Qg6 21. Qc1 Nge5 22. f3 Bd7 23. f4 gxf4 24. Qxf4 Be6 25. Rf1 Nxc4 26. Bc1 N4e5 27. c4 Rh7 28. Nc3 Bh3 29. Be4 f5 30. Rf2 Kg8 31. Bh1 Ng4 32. Bd5+ Kh8 33. Rf3 Rf8 34. Bxc6 Qxc6 35. Bb2 Kg8 36. e4 e5 37. Qd2 Rhf7 38. Qd5 Qxd5 39. cxd5 fxe4 40. Rxf7 Rxf7 41. Nxe4 Ne3 42. Re1 Nxd5 43. Nf2 Bd7 44. Rxe5 Nb4 45. Re3 Nc2 46. Rd3 Re7 47. Bc3 b5 48. Rd6 b4 49. Bf6 Re1+ 50. Kg2 Be6 51. Nd3 Re2+ 52. Kf1 Bg4 53. Rd8+ Kh7 54. Nf4 1-0

[Event "PNWCC Last Dance-B"]
[Site "Redmond"]
[Date "2022.06.19"]
[Round "3"]
[White "Piasetski, Leon"]
[Black "Stopa, Jacek"]
[Result "1/2-1/2"]
[WhiteElo "2218"]
[BlackElo "2421"]
[PlyCount "71"]
[GameId "1835102770130944"]
[EventDate "2022.06.18"]
[EventType "tourn"]
[EventRounds "9"]
[EventCountry "USA"]
[EventCategory "1"]
[SourceTitle "EXT 2024"]
[Source "ChessBase"]
[SourceDate "2023.10.10"]
[SourceVersion "1"]
[SourceVersionDate "2023.10.10"]
[SourceQuality "1"]

1. c4 f5 2. Nf3 Nf6 3. g3 e6 4. Bg2 Be7 5. Nc3 O-O 6. d4 d6 7. O-O a5 8. Qc2 Nc6 9. Rd1 Qe8 10. d5 Nb4 11. Qb1 e5 12. Ng5 Bd8 13. a3 Na6 14. b4 h6 15. Ne6 Bxe6 16. dxe6 e4 17. f3 Qxe6 18. fxe4 Qxc4 19. Qa2 Qxa2 20. Rxa2 fxe4 21. Nxe4 Nxe4 22. Bxe4 c6 23. b5 Bb6+ 24. Kh1 Nc5 25. Bf3 d5 26. bxc6 bxc6 27. Rc2 Rae8 28. Bf4 Rf6 29. Rb1 Ba7 30. Bc7 a4 31. Bb6 Rb8 32. Rxc5 Rxb6 33. Rxb6 Bxb6 34. Rxc6 Rxc6 35. Bxd5+ Kf8 36. Bxc6 1/2-1/2

[Event "PNWCC Last Dance-B"]
[Site "Redmond"]
[Date "2022.06.20"]
[Round "4"]
[White "Chen, Ryo"]
[Black "Piasetski, Leon"]
[Result "1-0"]
[WhiteElo "2270"]
[BlackElo "2218"]
[PlyCount "119"]
[GameId "1835102770073600"]
[EventDate "2022.06.18"]
[EventType "tourn"]
[EventRounds "9"]
[EventCountry "USA"]
[EventCategory "1"]
[SourceTitle "EXT 2024"]
[Source "ChessBase"]
[SourceDate "2023.10.10"]
[SourceVersion "1"]
[SourceVersionDate "2023.10.10"]
[SourceQuality "1"]

1. e4 g6 2. d4 Bg7 3. Nf3 d6 4. Be2 Nf6 5. Nc3 O-O 6. O-O Bg4 7. Be3 Nc6 8. Ne1 Bxe2 9. Qxe2 e5 10. d5 Nd4 11. Qd1 c6 12. Nf3 cxd5 13. Bg5 dxe4 14. Nxd4 exd4 15. Nxe4 d5 16. Nxf6+ Bxf6 17. Bh6 Re8 18. Qd3 Qb6 19. b3 Rac8 20. Rae1 Qc5 21. Rxe8+ Rxe8 22. Rd1 a6 23. Kf1 Rc8 24. Re1 Bg7 25. Bc1 h5 26. Re2 Qa5 27. a4 Qc3 28. Qxc3 dxc3 29. Re7 b5 30. axb5 axb5 31. Rb7 d4 32. Rxb5 Re8 33. Rd5 Ra8 34. Ke2 Ra1 35. Bf4 Rb1 36. h4 Bf6 37. g3 Kg7 38. Rd6 Rb2 39. Kd3 Rb1 40. Rb6 Re1 41. Rc6 Rd1+ 42. Ke2 Rb1 43. f3 Rb2 44. Kd3 Rb1 45. Rd6 Rd1+ 46. Ke2 Rb1 47. Rd5 Rb2 48. Kd3 Rb1 49. g4 hxg4 50. fxg4 Rf1 51. Bg5 Bxg5 52. hxg5 Rd1+ 53. Kc4 Rd2 54. Rxd4 Rxc2 55. b4 Rc1 56. Kb3 Re1 57. Kxc3 Re5 58. Kc4 Rxg5 59. b5 f5 60. b6 1-0

[Event "PNWCC Last Dance-B"]
[Site "Redmond"]
[Date "2022.06.20"]
[Round "5"]
[White "Piasetski, Leon"]
[Black "Mei, Austin"]
[Result "1/2-1/2"]
[WhiteElo "2218"]
[BlackElo "2346"]
[PlyCount "52"]
[GameId "1835102770036736"]
[EventDate "2022.06.18"]
[EventType "tourn"]
[EventRounds "9"]
[EventCountry "USA"]
[EventCategory "1"]
[SourceTitle "EXT 2024"]
[Source "ChessBase"]
[SourceDate "2023.10.10"]
[SourceVersion "1"]
[SourceVersionDate "2023.10.10"]
[SourceQuality "1"]

1. c4 e5 2. Nc3 Nf6 3. Nf3 Nc6 4. e4 Bc5 5. Nxe5 Nxe5 6. d4 Bb4 7. dxe5 Nxe4 8. Qg4 Nxc3 9. Bd2 O-O 10. bxc3 d6 11. Qg3 Ba5 12. O-O-O Bf5 13. exd6 cxd6 14. Bd3 Bxd3 15. Qxd3 Rc8 16. Be3 b5 17. c5 Qf6 18. Qd4 Qe6 19. Qd5 dxc5 20. Qxe6 fxe6 21. Kc2 Rfd8 22. Rxd8+ Rxd8 23. Bxc5 a6 24. Re1 Kf7 25. Re4 Rd5 26. Be3 Bd8 1/2-1/2

[Event "PNWCC Last Dance-B"]
[Site "Redmond"]
[Date "2022.06.21"]
[Round "6"]
[White "Sivakumar, Shaashwath"]
[Black "Piasetski, Leon"]
[Result "1/2-1/2"]
[WhiteElo "2126"]
[BlackElo "2218"]
[PlyCount "78"]
[GameId "1835102770003968"]
[EventDate "2022.06.18"]
[EventType "tourn"]
[EventRounds "9"]
[EventCountry "USA"]
[EventCategory "1"]
[SourceTitle "EXT 2024"]
[Source "ChessBase"]
[SourceDate "2023.10.10"]
[SourceVersion "1"]
[SourceVersionDate "2023.10.10"]
[SourceQuality "1"]

1. d4 g6 2. e4 Bg7 3. Nc3 d6 4. Be3 a6 5. a4 b6 6. Qd2 Bb7 7. h4 Nf6 8. f3 h5 9. Nh3 Nc6 10. Ng5 e5 11. d5 Ne7 12. Nd1 Nd7 13. c4 Nc5 14. Ra3 a5 15. Nf2 Bc8 16. g3 f6 17. Ngh3 Bd7 18. b3 Ng8 19. Bg2 Nh6 20. O-O Nf7 21. Nd1 Bh6 22. Bxh6 Rxh6 23. Nhf2 g5 24. hxg5 fxg5 25. Bh3 g4 26. fxg4 Qg5 27. Qxg5 Nxg5 28. Bg2 Bxg4 29. Nxg4 hxg4 30. Nf2 Nf3+ 31. Bxf3 gxf3 32. Re1 O-O-O 33. Re3 Rf8 34. Ra1 Kd7 35. Rc1 Ke7 36. Rcc3 Rhf6 37. Kh2 Rh8+ 38. Kg1 Rhf8 39. Kh2 Rh8+ 1/2-1/2

[Event "PNWCC Last Dance-B"]
[Site "Redmond"]
[Date "2022.06.22"]
[Round "7"]
[White "Piasetski, Leon"]
[Black "Singh, Hersh"]
[Result "1/2-1/2"]
[WhiteElo "2218"]
[BlackElo "2077"]
[PlyCount "116"]
[GameId "1835102769958912"]
[EventDate "2022.06.18"]
[EventType "tourn"]
[EventRounds "9"]
[EventCountry "USA"]
[EventCategory "1"]
[SourceTitle "EXT 2024"]
[Source "ChessBase"]
[SourceDate "2023.10.10"]
[SourceVersion "1"]
[SourceVersionDate "2023.10.10"]
[SourceQuality "1"]

1. c4 e5 2. Nc3 Nc6 3. g3 Bc5 4. Bg2 d6 5. e3 Bf5 6. d3 Qd7 7. a3 a5 8. h3 Nge7 9. Nf3 Ba7 10. d4 f6 11. d5 Nd8 12. Nh4 Bg6 13. Nxg6 hxg6 14. h4 f5 15. b3 Nf7 16. Bb2 Ng8 17. h5 g5 18. g4 Nf6 19. gxf5 Qxf5 20. Qe2 g4 21. O-O-O Rxh5 22. Rxh5 Qxh5 23. Ne4 Qg6 24. Qc2 Nxe4 25. Bxe4 Qg5 26. Kb1 g3 27. Rf1 O-O-O 28. f4 Qe7 29. fxe5 Nxe5 30. Bf5+ Kb8 31. Qe4 Qg5 32. Bc1 Rf8 33. Bh3 Rxf1 34. Bxf1 Qg6 35. Bg2 Qxe4+ 36. Bxe4 Ng6 37. Bd2 Nh4 38. Be1 g2 39. Bf2 g6 40. Kc2 Nf5 41. Bxg2 Bxe3 42. Be1 Bb6 43. Kd3 Kc8 44. b4 axb4 45. axb4 Kd7 46. Bd2 Bd4 47. Bg5 Be5 48. c5 Bd4 49. Kc4 Be3 50. c6+ Kc8 51. Bf6 Bf2 52. Be4 Kb8 53. Kb5 Be1 54. Bd8 Bc3 55. Bg5 Be5 56. Bd8 Nd4+ 57. Kc4 Nf5 58. Kb5 Nd4+ 1/2-1/2

[Event "PNWCC Last Dance-B"]
[Site "Redmond"]
[Date "2022.06.22"]
[Round "8"]
[White "Piasetski, Leon"]
[Black "Wen, Yili"]
[Result "1/2-1/2"]
[WhiteElo "2218"]
[BlackElo "2122"]
[PlyCount "43"]
[GameId "1835102769913856"]
[EventDate "2022.06.18"]
[EventType "tourn"]
[EventRounds "9"]
[EventCountry "USA"]
[EventCategory "1"]
[SourceTitle "EXT 2024"]
[Source "ChessBase"]
[SourceDate "2023.10.10"]
[SourceVersion "1"]
[SourceVersionDate "2023.10.10"]
[SourceQuality "1"]

1. c4 Nf6 2. Nf3 e6 3. b3 b6 4. Bb2 Bb7 5. e3 Be7 6. d4 O-O 7. Bd3 c5 8. O-O d5 9. Nc3 Nbd7 10. Rc1 Rc8 11. Qe2 dxc4 12. bxc4 Qc7 13. Rfd1 Rfd8 14. d5 exd5 15. cxd5 Nxd5 16. Nxd5 Bxd5 17. Bxh7+ Kxh7 18. Rxd5 Nf6 19. Re5 Kg8 20. g3 Qd7 21. Kg2 Nh7 22. e4 1/2-1/2